000 00707nam a2200289Ia 4500
005 20260324124531.0
008 008 260324s9999 xx 000 0 eng d
020 _a9781315633701
037 _aEBOOK
040 _aCRL
040 _beng
040 _cCRL
041 _2eng
041 _aeng
084 _qCRL
100 _aLynda Tredway; David Grubb
_91174526
245 0 _aLeading from the Inside Out
245 0 _bExpanded Roles for Teachers in Equitable Schools
260 _bTaylor and Francis
260 _c2010
365 _a
365 _b240
856 _uhttp://www.taylorfrancis.com/books/9781315633701
942 _cEBOOK
999 _c1768973
_d1768973